Materiálová základňa pre výstavbu ciest a diaľnic

Gespeichert in:
Bibliographische Detailangaben
Format: Buch
Sprache:Slowakisch
Veröffentlicht: Bratislava Československá vedeckotechnická spoločnosť 1978
Tags: Tag hinzufügen
Keine Tags, Fügen Sie das erste Tag hinzu!

MARC

LEADER 00000nam a2200000 4500
001 0222267
005 20240822101700.6
041 0 |a slo 
044 |a SK 
245 1 0 |a Materiálová základňa pre výstavbu ciest a diaľnic 
264 1 |a Bratislava  |b Československá vedeckotechnická spoločnosť  |c 1978 
300 |a 93 s.